| 000 | 01486cam a2200301 a 4500 | ||
|---|---|---|---|
| 999 |
_c58031 _d58031 |
||
| 001 | 12444033 | ||
| 003 | ARRUPE | ||
| 005 | 20170601120151.0 | ||
| 008 | 010618s2001 nyuab 000 0aeng | ||
| 010 | _a 2001041752 | ||
| 020 | _a0375507507 (alk. paper) | ||
| 040 |
_aDLC _cDLC _dDLC |
||
| 043 |
_ae-uk--- _af-rh--- |
||
| 050 | 0 | 0 |
_aDT2990 _b.F85 2001 |
| 082 | 0 | 0 |
_a968.91/04/092 _aB _221 |
| 100 | 1 |
_aFuller, Alexandra, _d1969- _931917 |
|
| 245 | 1 | 0 |
_aDon't let's go to the dogs tonight : _ban African childhood / _cAlexandra Fuller. |
| 250 | _a1st ed. | ||
| 260 |
_aNew York : _bRandom House, _cc2001. |
||
| 300 |
_a301 p. : _bill., map ; _c25 cm. |
||
| 600 | 1 | 0 |
_aFuller, Alexandra, _d1969- _xChildhood and youth. _931918 |
| 650 | 0 |
_aGirls _zZimbabwe _vBiography. _931919 |
|
| 651 | 0 |
_aZimbabwe _xHistory _yChimurenga War, 1966-1980 _vPersonal narratives, British. _931920 |
|
| 856 | 4 | 2 |
_3Contributor biographical information _uhttp://www.loc.gov/catdir/bios/random053/2001041752.html |
| 856 | 4 | 1 |
_3Sample text _uhttp://www.loc.gov/catdir/samples/random044/2001041752.html |
| 856 | 4 | 2 |
_3Publisher description _uhttp://www.loc.gov/catdir/description/random0411/2001041752.html |
| 906 |
_a7 _bcbc _corignew _d1 _eocip _f20 _gy-gencatlg |
||
| 942 |
_2lcc _cMONOGRAPH |
||